Welcome to CU Library Online Public Access Catalogue (OPAC)

The Review of Ghana Law - Special Anniversary Edition : (Record no. 1402)

MARC details
000 -LEADER
fixed length control field 00894nam a22001817a 4500
003 - CONTROL NUMBER IDENTIFIER
control field OSt
005 - DATE AND TIME OF LATEST TRANSACTION
control field 20241121144809.0
008 - FIXED-LENGTH DATA ELEMENTS--GENERAL INFORMATION
fixed length control field 241121b |||||||| |||| 00| 0 eng d
020 ## - INTERNATIONAL STANDARD BOOK NUMBER
International Standard Book Number 08550859
245 ## - TITLE STATEMENT
Title The Review of Ghana Law - Special Anniversary Edition :
Remainder of title Developments in Ghana Law /
Statement of responsibility, etc. Sankah, D.R.K., LLB (Ghana). Barrister-at-Law. Solicitor of the Supreme Court of Ghana.
Medium Text
260 ## - PUBLICATION, DISTRIBUTION, ETC.
Place of publication, distribution, etc. Accra
Name of publisher, distributor, etc. Council for Law Reporting Publications
Date of publication, distribution, etc. 1991-92
300 ## - PHYSICAL DESCRIPTION
Extent xix, 268 pages. Vol. xviii
Dimensions 23cm
500 ## - GENERAL NOTE
General note To be cited as (1991-92) 18 RGL. License No ISD/60/74. Date of issue: 25 March 1974.
650 ## - SUBJECT ADDED ENTRY--TOPICAL TERM
Source of heading or term Ghana Law
700 ## - ADDED ENTRY--PERSONAL NAME
Personal name L K Agbosu, LLM (Ghana), PhD (Lond) Barrister-at Law. Solicitor of the Supreme Court of Ghana.
Relator term Assistant Editor
700 ## - ADDED ENTRY--PERSONAL NAME
Personal name J K E Edzie, LLB (Ghana), Barrister-at Law. Solicitor of the Supreme Court of Ghana.
Relator term Assistant Editor
942 ## - ADDED ENTRY ELEMENTS (KOHA)
Source of classification or shelving scheme Library of Congress Classification
Koha item type Books
Suppress in OPAC No
999 ## -
-- 1402
-- 1402
Holdings
Withdrawn status Lost status Source of classification or shelving scheme Damaged status Not for loan Collection Home library Current library Shelving location Date acquired Total checkouts Full call number Barcode Date last seen Price effective from Koha item type
    Library of Congress Classification     Non-fiction Law Library (Miotso) Law Library (Miotso) General stacks 11/21/2024   RGL 91-92 xviii LLM00001154 11/21/2024 11/21/2024 Books
    Library of Congress Classification     Non-fiction Law Library (Miotso) Law Library (Miotso) General stacks 11/21/2024   RGL 91-92 xviii LLM00001155 11/21/2024 11/21/2024 Books
© 2023-2024 Copyright: Central University Libraries. All Rights Reserved | Created by: Mahone Tech Office